| 000 | 01238cam a2200337 i 4500 | ||
|---|---|---|---|
| 005 | 20171212141751.0 | ||
| 008 | 090618s1985 pl a |000 0 pol c | ||
| 020 | _a832060480X | ||
| 035 | _axx001374140 | ||
| 039 | 9 |
_a201712010126 _bVLOAD _c201711301152 _dagh _c201711130923 _dkopagh _c201704281124 _dkopilwa _y200906181345 _zvpp |
|
| 040 |
_aPOZN 31/MK _cPOZN 31/MK _dPOZN 31/MK _dKR 93/BZs |
||
| 099 | 0 | _atoMK3705 | |
| 100 | 1 | _aWitkowski, Leopold Bogdan. | |
| 245 | 1 | 0 |
_aTelewizory : _bnaprawa odbiorników telewizyjnych / _cLeopold B. Witkowski. |
| 260 |
_aWarszawa : _bWydawnictwo Komunikacji i Łącznosci, _c1985. |
||
| 300 |
_a299, [2] s. : _bil. ; _c30 cm + _e2 k. pl. |
||
| 504 | _aBibliogr. s. [301]. | ||
| 521 | 8 | _aOdbiorcy: radioamatorzy, technicy elektronicy. | |
| 650 |
_aTelewizja _xnaprawy _vporadniki. |
||
| 710 | 2 |
_aWydawnictwa Komunikacji i Łączności. _4pbl |
|
| 920 | _a83-206-0480-X | ||
| 953 | _aKR_93 | ||
| 959 | _aLUBL_64 | ||
| 961 | _aWA_310 | ||
| 966 | _aPOZN_U POZN_31 | ||
| 979 | _aBSTOK_U | ||
| 980 | _aSZCZ_ZUT | ||
| 982 | _aBYDG_24 | ||
| 983 | _aSZCZYT_001 | ||
| 999 |
_aVIRTUA _c12707 _d12707 |
||
| 999 | _aVTLSSORT0080*0200*0350*0390*0400*1000*2450*2600*3000*5040*5210*6500*7100*9200*9520*9530*9590*9610*9660*9790*9800*9820*9830*9992 | ||